书目信息 |
| 题名: |
餐馆大揭秘
|
|
| 作者: | 肖正刚 , 一鹤 著 | |
| 分册: | ||
| 出版信息: | 中国轻工 2008.01 |
|
| 页数: | 238页 | |
| 开本: | 20cm | |
| 丛书名: | ||
| 单 册: | ||
| 中图分类: | F719.3 | |
| 科图分类: | ||
| 主题词: | 商业经济--国内 | |
| 电子资源: | ||
| ISBN: | 978-7-5019-5954-9 | |
| 000 | 00653nam0 2200241 45 | |
| 001 | 0953295169 | |
| 005 | 20091017145057.47 | |
| 010 | @a978-7-5019-5954-9@dCNY25.00 | |
| 100 | @a20090515d2008 ekmy0 y0120 ea | |
| 102 | @aCN@b130000 | |
| 102 | @aCN@b110000 | |
| 105 | @ay z 000yy | |
| 200 | 1 | @a餐馆大揭秘@f肖正刚,一鹤著@Fxiao zheng gang,yi he zhu |
| 210 | @c中国轻工@d2008.01 | |
| 210 | @a北京@c中国轻工业出版社 | |
| 215 | @a238页@d20cm | |
| 606 | 0 | @a商业经济@x国内 |
| 690 | @aF719.3@v4 | |
| 701 | 0 | @a肖正刚@Axiao zheng gang@4著 |
| 701 | 0 | @a一鹤@Ayi he@4著 |
| 801 | 0 | @aCN@c20091017 |
| 905 | @a10447@dF719.3@eX295 | |
| 906 | @d25@n3@r1 | |
| 餐馆大揭秘/肖正刚,一鹤著.-中国轻工,2008.01.-北京:中国轻工业出版社 |
| 238页;20cm |
| ISBN 978-7-5019-5954-9:CNY25.00 |
| ● |
| 相关链接 |
|
|
|
正题名:餐馆大揭秘
索取号:F719.3/X295
 
预约/预借
| 序号 | 登录号 | 条形码 | 馆藏地/架位号 | 状态 | 备注 |
| 1 | 896416 | 208964165 | 社科库409/409社科库 46排6列4层/ [索取号:F719.3/X295] | 在馆 | |
| 2 | 896417 | 208964174 | 社科库409/409社科库 46排6列4层/ [索取号:F719.3/X295] | 在馆 | |
| 3 | 896418 | 208964183 | 社科库409/409社科库 46排6列4层/ [索取号:F719.3/X295] | 在馆 |